Влияние технологии раскисления на качество кордовой стали; Прогрессивные технологии и экономика в машиностроении; Т. 1

التفاصيل البيبلوغرافية
Parent link:Прогрессивные технологии и экономика в машиностроении: труды II Всероссийской научно-практической конференции, 29-30 апреля 2004 года, Юрга/ Томский политехнический университет; Прогрессивные технологии и экономика в машиностроении; под ред. О. Ю. Ретюнского.— , 2004
Т. 1.— 2004.— С. 188-189
المؤلف الرئيسي: Гизатулин Р. А. Ринат Акрамович
مؤلفون آخرون: Сулимова И. С. Ирина Сергеевна
اللغة:الروسية
منشور في: 2004
الموضوعات:
التنسيق: فصل الكتاب
KOHA link:https://koha.lib.tpu.ru/cgi-bin/koha/opac-detail.pl?biblionumber=215679

MARC

LEADER 00000naa2a2200000 4500
001 215679
005 20260105115139.0
035 |a (RuTPU)RU\TPU\book\235610 
090 |a 215679 
100 |a 20120515d2004 k y0rusy50 ca 
101 0 |a rus 
102 |a RU 
200 1 |a Влияние технологии раскисления на качество кордовой стали  |f Р. А. Гизатулин, И. С. Сулимова 
461 0 |0 (RuTPU)RU\TPU\book\119005  |t Прогрессивные технологии и экономика в машиностроении  |o труды II Всероссийской научно-практической конференции, 29-30 апреля 2004 года, Юрга  |f Томский политехнический университет; Прогрессивные технологии и экономика в машиностроении; под ред. О. Ю. Ретюнского  |d 2004 
463 0 |0 (RuTPU)RU\TPU\book\118383  |t Т. 1  |v С. 188-189  |d 2004 
610 1 |a сталь 
610 1 |a сталь кордовая 
610 1 |a раскисление 
610 1 |a качество 
610 1 |a технологии 
610 1 |a труды учёных ТПУ 
700 1 |a Гизатулин  |b Р. А.  |c специалист в области металлургии  |c доцент Томского политехнического университета  |g Ринат Акрамович  |3 (RuTPU)RU\TPU\pers\27751 
701 1 |a Сулимова  |b И. С.  |c российский учёный в области чёрной металлургии  |c старший преподаватель Юргинского технологического института (филиал) Томского политехнического университета  |g Ирина Сергеевна  |3 (RuTPU)RU\TPU\pers\27531 
801 1 |a RU  |b 63413507  |c 20120515 
942 |c BK